Urban ministry : (Record no. 8729)

MARC details
000 -LEADER
fixed length control field 01141cam a22002894a 4500
001 - CONTROL NUMBER
control field 12139972
003 - CONTROL NUMBER IDENTIFIER
control field GBCCL
005 - DATE AND TIME OF LATEST TRANSACTION
control field 20241126110657.0
008 - FIXED-LENGTH DATA ELEMENTS--GENERAL INFORMATION
fixed length control field 000811s2001 ilu b 001 0 eng
010 ## -
-- 00063359
020 ## - INTERNATIONAL STANDARD BOOK NUMBER
International Standard Book Number 0830815732 (hardcover : alk. paper)
040 ## - CATALOGING SOURCE
Original cataloging agency DLC
Transcribing agency DLC
Modifying agency DLC
042 ## -
-- pcc
050 00 -
-- BV637
-- .C586 2001
082 00 - DEWEY DECIMAL CLASSIFICATION NUMBER
Classification number 253.091732
Edition information 21
Item number CON
100 1# - MAIN ENTRY--PERSONAL NAME
Personal name Conn, Harvie M.
9 (RLIN) 2403
245 10 - TITLE STATEMENT
Title Urban ministry :
Remainder of title the kingdom, the city, & the people of God /
Statement of responsibility, etc. Harvie M. Conn & Manuel Ortiz.
260 ## - PUBLICATION, DISTRIBUTION, ETC.
Place of publication, distribution, etc. Downers Grove, Ill. :
Name of publisher, distributor, etc. InterVarsity Press,
Date of publication, distribution, etc. c2001.
300 ## - PHYSICAL DESCRIPTION
Extent 527 p. ;
Dimensions 23 cm.
504 ## - BIBLIOGRAPHY, ETC. NOTE
Bibliography, etc. note Includes bibliographical references (p. [470]-506) and index.
650 #0 - SUBJECT ADDED ENTRY--TOPICAL TERM
Topical term or geographic name entry element City churches.
9 (RLIN) 2402
650 #0 - SUBJECT ADDED ENTRY--TOPICAL TERM
Topical term or geographic name entry element City missions.
9 (RLIN) 4738
700 1# - ADDED ENTRY--PERSONAL NAME
Personal name Ortiz, Manuel,
Dates associated with a name 1938-
9 (RLIN) 15397
906 ## - LOCAL DATA ELEMENT F, LDF (RLIN)
a 7
b cbc
c orignew
d 1
e ocip
f 20
g y-gencatlg
942 ## - ADDED ENTRY ELEMENTS (KOHA)
Source of classification or shelving scheme Dewey Decimal Classification
Koha item type Books
Koha issues (borrowed), all copies 34
Holdings
Withdrawn status Lost status Source of classification or shelving scheme Damaged status Not for loan Home library Current Library Shelving location Date acquired Total checkouts Total renewals Full call number Barcode Date last seen Date last checked out Copy number Price effective from Koha item type
    Dewey Decimal Classification     GRACE BIBLE COLLEGE GRACE BIBLE COLLEGE Ministry & Mission 2021-09-20 9 2 253.091732 CON 015093 2025-05-01 2024-08-27 c.1 2021-09-20 Books
    Dewey Decimal Classification     GRACE BIBLE COLLEGE GRACE BIBLE COLLEGE Ministry & Mission 2022-01-10 11 3 253.091732 CON 015353 2026-03-11 2026-03-06 c.2 2022-01-10 Books
    Dewey Decimal Classification     GRACE BIBLE COLLEGE GRACE BIBLE COLLEGE Ministry & Mission 2022-01-12 12 3 253.091732 CON 015361 2025-05-01 2024-08-21 c.3 2022-01-12 Books
    Dewey Decimal Classification     GRACE BIBLE COLLEGE GRACE BIBLE COLLEGE Ministry & Mission 2023-11-07 7 3 253.091732 CON 020636 2026-01-20 2026-01-12 c.4 2023-11-07 Books
© Grace Bible College Library 2025